Club di calcio italiani per distintivi - Statistics

Statistiche generali
  • Questo quiz è stato fatto 283 volte
  • Il punteggio medio è 36 su 40
Statistiche sulle risposte
con Immagini Risposta % Corretto
Napoli
99%
Torino
99%
Atalanta
98%
Cagliari
98%
Fiorentina
98%
Inter Milan
98%
Milan
98%
Roma
98%
Sampdoria
98%
Sassuolo
98%
Bologna
97%
Genoa
97%
Juventus
97%
Lazio
97%
Palermo
97%
Parma
97%
Udinese
97%
Lecce
96%
Salernitana
96%
Venezia
96%
Empoli
95%
Monza
95%
Bari
94%
Brescia
94%
Como
94%
Cremonese
94%
Hellas Verona
94%
Frosinone
92%
Pisa
89%
Cesena
86%
Südtirol
86%
Modena
82%
Cittadella
81%
Cosenza
79%
Spezia
79%
Catanzaro
78%
Reggiana
77%
Juve Stabia
73%
Carrarese
65%
Mantova
64%
Nessun quiz corrispondente trovato
Distribuzione punteggi
Percentuale di utenti per punteggio
Percentile per numero di risposta
I tuoi punteggi nel tempo
Non hai fatto questo quiz